Statistics for Countries Closest to North Korea - One Minute Sprint

Click here to take the quiz!

General Stats

  • This quiz has been taken 81 times
  • The average score is 15 of 20

Answer Stats

kmcountry% Correct
0Russia
100%
0South Korea
100%
0China
99%
418Japan
95%
768Mongolia
93%
2766Laos
84%
1439Taiwan
84%
2849India
82%
3014Thailand
82%
2440Vietnam
81%
2731Myanmar
74%
3203Cambodia
70%
1941Philippines
70%
3357Bhutan
63%
3492Malaysia
62%
3135United States
59%
3092Kazakhstan
55%
3357Bangladesh
48%
3425Palau
42%
3355Micronesia
34%

Score Distribution

Percentile by Number Answered

Percent of People with Each Score

Your Score History

You have not taken this quiz